[Event "AGAH II"]
[Site "SchemingMind.com"]
[Date "2021.11.28"]
[Round "-"]
[White "ray winteringham"]
[Black "spoke"]
[Result "0-1"]
[WhiteCountry "ENG"]
[BlackCountry "GER"]
[WhiteElo "1450"]
[WhiteRD "49"]
[BlackElo "1783"]
[BlackRD "74"]
[GameID "717942"]

1. a3 e5 2. e4 Nf6 3. Nc3 d5 4. Nxd5 Nxd5 5. exd5 Qxd5 6. b3 Bc5 7. d3 Qd4 8. Be3 Qc3+ 9. Bd2 Qd4 10. Be3 Qc3+
11. Bd2 Qd4 12. Be3 Qd6 13. b4 Bd4 14. Be2 Bc3+ 15. Bd2 Bxa1 16. Qxa1 Nc6 17. Nf3 O-O 18. Be3 b6 19. h3 Bb7 20. O-O Rad8
21. b5 Nd4 22. Nxd4 exd4 23. Bd2 Qe5 24. Re1 Qxb5 25. c4 Qf5 26. Bg4 Qg6 27. Kf1 h5 28. Bf3 Bxf3 29. gxf3 Qxd3+ 30. Re2 Qxf3
0-1

[Event "AGAH II"]
[Site "SchemingMind.com"]
[Date "2021.11.28"]
[Round "-"]
[White "spoke"]
[Black "ray winteringham"]
[Result "1-0"]
[WhiteCountry "GER"]
[BlackCountry "ENG"]
[WhiteElo "1783"]
[WhiteRD "74"]
[BlackElo "1450"]
[BlackRD "49"]
[GameID "717943"]

1. a3 h6 2. g3 e5 3. Bg2 Bc5 4. e3 d5 5. d4 exd4 6. exd4 Bb6 7. Nf3 Nf6 8. O-O Bg4 9. Qe2+ Be6 10. Bh3 Qd7
11. Re1 O-O 12. Bxe6 fxe6 13. Qxe6+ Kh8 14. Qxd7 Nbxd7 15. Nc3 Ne4 16. Kg2 Rae8 17. Be3 c6 18. Ne2 a6 19. Nf4 Kh7 20. Rac1 Rf7
21. Nd3 Rf6 22. Nde5 Nxe5 23. dxe5 Bxe3 24. Rxe3 Rf7 25. Re2 Ref8 26. e6 Re7 27. c4 Rxe6 28. cxd5 cxd5 29. Nd4 Ref6 30. f3 Nc5
31. Rxc5
1-0

[Event "AGAH II"]
[Site "SchemingMind.com"]
[Date "2021.12.15"]
[Round "-"]
[White "eliecercruzr"]
[Black "Geoffrey Rosser"]
[Result "1-0"]
[WhiteCountry "CUB"]
[BlackCountry "ENG"]
[WhiteElo "2280"]
[WhiteRD "73"]
[BlackElo "1849"]
[BlackRD "63"]
[GameID "718364"]

1. a3 e5 2. c4 Nf6 3. d3 Nc6 4. Nf3 d5 5. cxd5 Nxd5 6. e4 Nf4 7. d4 Ng6 8. d5 Nb8 9. h4 Bg4 10. Qa4+ c6
11. h5 Nf4 12. Nxe5 Nxd5 13. exd5 Qe7 14. Qxg4 Qxe5+ 15. Be3 Nd7 16. dxc6 bxc6 17. Nc3 Bc5 18. Rh3 Nf6 19. Qc4
1-0

[Event "AGAH II"]
[Site "SchemingMind.com"]
[Date "2021.12.15"]
[Round "-"]
[White "Geoffrey Rosser"]
[Black "eliecercruzr"]
[Result "0-1"]
[WhiteCountry "ENG"]
[BlackCountry "CUB"]
[WhiteElo "1849"]
[WhiteRD "63"]
[BlackElo "2280"]
[BlackRD "73"]
[GameID "718365"]

1. a3 e5 2. Nf3 e4 3. Nd4 c5 4. Nf5 d5 5. Ng3 h5 6. e3 Nf6 7. d4 h4 8. Ne2 h3 9. dxc5 Bxc5 10. Nf4 Bg4
11. Qd2 Nc6 12. Nxh3 d4 13. Ng5 Qe7 14. Bc4 O-O-O 15. f3 dxe3 16. Qe2 exf3 17. gxf3 Nd4 18. Qg2 Bf5 19. Bb3 Nh5 20. Ne4 Qh4+
21. Kf1 e2+
0-1

[Event "AGAH II"]
[Site "SchemingMind.com"]
[Date "2021.12.31"]
[Round "-"]
[White "William Lindberg"]
[Black "Phillip Beckett"]
[Result "1-0"]
[WhiteCountry "USA"]
[BlackCountry "ENG"]
[WhiteElo "2482"]
[WhiteRD "67"]
[BlackElo "1488"]
[BlackRD "55"]
[GameID "718943"]

1. a3 d5 2. d4 e6 3. Nf3 Nf6 4. Bf4 c6 5. e3 Bd6 6. Bxd6 Qxd6 7. c4 Nbd7 8. Nc3 O-O 9. Be2 dxc4 10. Bxc4 Nb6
11. Bd3 Nbd5 12. Ne2 Re8 13. e4 Ne7 14. e5
1-0

[Event "AGAH II"]
[Site "SchemingMind.com"]
[Date "2021.12.31"]
[Round "-"]
[White "Phillip Beckett"]
[Black "William Lindberg"]
[Result "0-1"]
[WhiteCountry "ENG"]
[BlackCountry "USA"]
[WhiteElo "1488"]
[WhiteRD "55"]
[BlackElo "2482"]
[BlackRD "67"]
[GameID "718944"]

1. a3 c5 2. d4 cxd4 3. Qxd4 Nc6 4. Qd1 d5 5. Nf3 e5 6. e3 Be6 7. Be2 Nf6 8. O-O Be7 9. Nc3 O-O 10. h3 Rc8
11. Nh2 a6 12. Ng4 Nxg4 13. Bxg4 f5 14. Be2 Bf6 15. Qd3 d4 16. exd4 Nxd4 17. Bf3 e4 18. Bxe4 fxe4 19. Nxe4 Bc4 20. Qxc4+ Rxc4
0-1

[Event "AGAH II"]
[Site "SchemingMind.com"]
[Date "2021.12.31"]
[Round "-"]
[White "KFGFitness"]
[Black "Chessibelle"]
[Result "1-0"]
[WhiteCountry "ENG"]
[BlackCountry "ENG"]
[WhiteElo "1420"]
[WhiteRD "112"]
[BlackElo "1014"]
[BlackRD "65"]
[GameID "718974"]

1. a3 e5 2. e4 Nc6 3. c3 g6 4. b4 Be7 5. d4 a6 6. d5 Nb8 7. a4 d6 8. a5 Nf6 9. f3 Bd7 10. g4 O-O
11. h4 h5 12. g5 Nh7 13. f4 c6 14. Bh3 Be8 15. Na3 f6 16. Nf3 b6 17. Nc4 Nd7 18. Bxd7 Bxd7 19. Nh2 b5 20. Nb6 Ra7
21. c4 Be8 22. Nf3 c5 23. Ba3 Qc7 24. Qc2 Bd8 25. f5 Qe7 26. Nc8 Qb7 27. Nxa7 Qxa7 28. O-O-O fxg5 29. bxc5 dxc5 30. Qf2 Be7
31. Rdg1 g4 32. Nxe5 b4 33. Bxb4 Qc7 34. Bc3 Nf6 35. Qe3 Kg7 36. Rh2 Ba4 37. Qg5 Kh8 38. Nxg6+ Kh7 39. Nxf8+ Bxf8 40. Qg6+ Kh8
41. Bxf6+ Bg7 42. Bxg7+ Qxg7 43. Qxg7+ Kxg7 44. Rb2
1-0

[Event "AGAH II"]
[Site "SchemingMind.com"]
[Date "2021.12.31"]
[Round "-"]
[White "Chessibelle"]
[Black "KFGFitness"]
[Result "0-1"]
[WhiteCountry "ENG"]
[BlackCountry "ENG"]
[WhiteElo "1014"]
[WhiteRD "65"]
[BlackElo "1420"]
[BlackRD "112"]
[GameID "718975"]

1. a3 d5 2. d4 g6 3. Nf3 g5 4. Nxg5 Nh6 5. h3 f6 6. Nf3 Nf7 7. e3 c6 8. Bd2 a5 9. Be2 Bg7 10. O-O e5
11. Nc3 e4 12. Na2 exf3 13. Bxf3 b6 14. c3 Ba6 15. Re1 Qd6 16. g3 Qe6 17. Bg4 f5 18. Bh5 O-O 19. f3 Nd7 20. f4 c5
21. b4 Bb5 22. Qc2 Nf6 23. Bf3 h5 24. h4 Rfe8 25. Qb2 Nh6 26. Nc1 c4 27. Qc2 a4 28. Na2 Bc6 29. Re2 b5 30. Rg2 Ra7
31. Nc1 Ree7 32. Ne2 Ra8 33. Kh2 Kh7 34. Rag1 Bd7 35. Rf1 Kh8 36. Ng1 Rg8 37. Qd1 Be8 38. Nh3 Nfg4+ 39. Kh1 Bf6 40. Ng5 Qd7
41. Nh3 Reg7 42. Rfg1 Bd8 43. Re1 Qe6 44. Rge2 Nf6 45. Ng5 Qe7 46. Kg2 Bc6 47. Qb1 Re8 48. e4 dxe4 49. Nxe4 fxe4 50. Kf2 Bc7
51. Bg2 Nf5 52. Kg1 Rxg3 53. Kf2 Rg4 54. Kg1 Bxf4 55. Kf1 Ng3+ 56. Kf2 Nxe2 57. Rxe2 e3+ 58. Kg1 Rxg2+ 59. Rxg2 Bxg2 60. Kxg2 exd2
61. Kh1 Qe1+
0-1

[Event "AGAH II"]
[Site "SchemingMind.com"]
[Date "2022.01.03"]
[Round "-"]
[White "Kenny Elliott"]
[Black "Kevin Powers"]
[Result "1-0"]
[WhiteCountry "USA"]
[BlackCountry "CUB"]
[WhiteElo "1507"]
[WhiteRD "70"]
[BlackElo "1015"]
[BlackRD "104"]
[GameID "719152"]

1. a3 d5 2. d4 e6 3. Nc3 Nf6 4. Bg5 Be7 5. Nf3 O-O 6. e3 c5 7. Be2 Nc6 8. O-O b6 9. Bb5 Bb7 10. Bxc6 Bxc6
11. Ne5 Rc8 12. Qe2
1-0

[Event "AGAH II"]
[Site "SchemingMind.com"]
[Date "2022.01.03"]
[Round "-"]
[White "Kevin Powers"]
[Black "Kenny Elliott"]
[Result "0-1"]
[WhiteCountry "CUB"]
[BlackCountry "USA"]
[WhiteElo "1015"]
[WhiteRD "104"]
[BlackElo "1507"]
[BlackRD "70"]
[GameID "719153"]

1. a3 d5 2. d4 Nf6 3. Bg5 e6 4. Nd2 Be7 5. Ngf3 Nc6 6. e3 O-O 7. Bd3 Bd7 8. Ne5 Nxe5 9. dxe5 Ne8 10. Bf4 c5
11. c3 c4
0-1

[Event "AGAH II"]
[Site "SchemingMind.com"]
[Date "2022.01.04"]
[Round "-"]
[White "Robert Bruce"]
[Black "Randy Bahr"]
[Result "1-0"]
[WhiteCountry "SCO"]
[BlackCountry "USA"]
[WhiteElo "2357"]
[WhiteRD "68"]
[BlackElo "1917"]
[BlackRD "77"]
[GameID "719210"]

1. a3 d5 2. g3 g6 3. d4 Bg7 4. Nf3 e6 5. Bg2 b6 6. c4 Ne7 7. cxd5 exd5 8. h4 O-O 9. Nc3 Nd7 10. h5 h6
11. hxg6 Nf5 12. g4 Nd6 13. Bxh6 fxg6 14. Bg5 Nf6 15. Ne5 Qe8 16. Nxd5 Nxd5 17. Bxd5+ Rf7 18. Qd3 Bxe5 19. Qxg6+ Kf8 20. dxe5 Qxe5
21. Rh7 Rxh7 22. Qg8#
1-0

[Event "AGAH II"]
[Site "SchemingMind.com"]
[Date "2022.01.04"]
[Round "-"]
[White "Randy Bahr"]
[Black "Robert Bruce"]
[Result "0-1"]
[WhiteCountry "USA"]
[BlackCountry "SCO"]
[WhiteElo "1917"]
[WhiteRD "77"]
[BlackElo "2357"]
[BlackRD "68"]
[GameID "719211"]

1. a3 e5 2. c4 f5 3. Nc3 Nf6 4. g3 c6 5. Bg2 a5 6. e3 d6 7. d3 Be7 8. Nge2 O-O 9. Qb3 Nbd7 10. d4 Qe8
11. O-O Qf7 12. Qa2 h5 13. h4 Nb6 14. b3 a4 15. Nxa4 Nxa4 16. bxa4 Be6 17. d5 cxd5 18. cxd5 Nxd5 19. Qc2 Bd7 20. Nc3 Nxc3
21. Qxc3 Rxa4 22. Bxb7 Bxh4 23. e4 fxe4 24. gxh4 Be6 25. Bxe4 Rxe4 26. Bg5 Rg4+ 27. Kh2 Qxf2+
0-1

[Event "AGAH II"]
[Site "SchemingMind.com"]
[Date "2022.01.09"]
[Round "-"]
[White "Helga1946"]
[Black "Xuvmok"]
[Result "1/2-1/2"]
[WhiteCountry "GER"]
[BlackCountry "SWE"]
[WhiteElo "2289"]
[WhiteRD "74"]
[BlackElo "2184"]
[BlackRD "63"]
[GameID "719212"]

1. a3 g6 2. e4 Bg7 3. d4 d6 4. Nc3 Nf6 5. Be2 O-O 6. Nf3 c5 7. O-O cxd4 8. Nxd4 d5 9. exd5 Nxd5 10. Nxd5 Qxd5
11. c3 Bxd4 12. Be3 Nc6 13. Bf3 Qd6 14. cxd4 Rd8 15. Qb3 Be6 16. Qxb7 Bd5 17. Bxd5 Qxd5 18. b4 e6 19. Rfd1 e5 20. Rac1 Nxd4
21. Qxd5 Rxd5 22. Kf1 a5 23. Rc5 Rxc5 24. bxc5 Rc8 25. Bxd4 exd4 26. Rc1 Re8 27. a4 d3 28. c6 h5 29. Rd1=
1/2-1/2

[Event "AGAH II"]
[Site "SchemingMind.com"]
[Date "2022.01.09"]
[Round "-"]
[White "Xuvmok"]
[Black "Helga1946"]
[Result "0-1"]
[WhiteCountry "SWE"]
[BlackCountry "GER"]
[WhiteElo "2220"]
[WhiteRD "70"]
[BlackElo "2324"]
[BlackRD "80"]
[GameID "719213"]

1. a3 d5 2. d4 Nf6 3. Nf3 Bf5 4. Nc3 e6 5. Nh4 Bg6 6. Nxg6 hxg6 7. Bg5 Be7 8. e3 Nbd7 9. Qd2 c5 10. Be2 Rc8
11. h3 a6 12. O-O O-O 13. Rab1 b5 14. Bf4 Qb6 15. Rbd1 Rfd8 16. Qe1 Qc6 17. Bd3 Nb6 18. dxc5 Bxc5 19. Be5 Nfd7 20. Bh2 Bd6
21. Bxd6 Qxd6 22. Qd2 Qe7 23. Ne2 e5 24. Nc3 Nf6 25. Qc1 g5 26. Qd2 Qe6 27. f3 e4 28. Be2 exf3 29. Rxf3 Nc4 30. Bxc4 dxc4
31. Qxd8+ Rxd8 32. Rxd8+ Kh7 33. Rd4 Nd7 34. Nd5 Ne5 35. Rf2 Nc6 36. Rd1 f6 37. Nb4 Nb8 38. Nd5 Nc6 39. Rf3 Ne5 40. Rff1 Nc6
41. Rf3 Ne5 42. Rf2 Ng6 43. Rff1 Qe4 44. Rf2 Qe5 45. c3 Qe4 46. Rdd2 Kh8 47. Kh2 Ne5 48. Rd4 Qb1 49. Ne7 Qe1 50. Rdd2 g4
51. Rde2 Qb1 52. Rd2 Kh7 53. h4 Nd3 54. Rfe2 Qf1 55. Nd5 Nc1 56. Rf2 Qe1 57. Nf4 Nd3 58. Rde2 Qc1 59. Nxd3 cxd3
0-1

[Event "AGAH II"]
[Site "SchemingMind.com"]
[Date "2022.01.18"]
[Round "-"]
[White "KFGFitness"]
[Black "Arnold Jones"]
[Result "0-1"]
[WhiteCountry "ENG"]
[BlackCountry "ENG"]
[WhiteElo "1420"]
[WhiteRD "112"]
[BlackElo "1478"]
[BlackRD "66"]
[GameID "719823"]

1. a3 e5 2. e4 Nf6 3. f3 Nc6 4. c3 Bc5 5. Ne2 O-O 6. b4 Bb6 7. Bb2 d6 8. b5 Ne7 9. d4 Ng6 10. g3 c6
11. Bg2 cxb5 12. dxe5 Nxe5 13. a4 Nc4 14. Bc1 Ne3 15. Bxe3 Bxe3 16. axb5 Qb6 17. c4 Be6 18. Qd3 Rfc8 19. Na3 Bc5 20. h3 Bb4+
21. Kf1 Bc5 22. h4 Nd7 23. g4 Ne5 24. Qc3 f6 25. Nf4 Bd4 26. c5 Bxc3 27. cxb6 Bxa1 28. Nxe6 Rc1+ 29. Kf2 Rxh1 30. Bxh1 axb6
31. Nc2 Ra2 32. Kg3 Rxc2 33. Bg2 Kf7 34. Nd8+ Ke7 35. Nxb7 Rc7 36. f4 Nd7 37. Nxd6 Rc3+ 38. Kh2 Kxd6 39. e5+ fxe5 40. fxe5+ Nxe5
41. g5 g6 42. h5 Ng4+
0-1

[Event "AGAH II"]
[Site "SchemingMind.com"]
[Date "2022.01.18"]
[Round "-"]
[White "Arnold Jones"]
[Black "KFGFitness"]
[Result "0-1"]
[WhiteCountry "ENG"]
[BlackCountry "ENG"]
[WhiteElo "1478"]
[WhiteRD "66"]
[BlackElo "1420"]
[BlackRD "112"]
[GameID "719824"]

1. a3 d5 2. d4 c6 3. b4 b5 4. Nf3 e6 5. Nc3 f6 6. e3 h6 7. Be2 g5 8. O-O a5 9. Na2 Bd6 10. c3 a4
11. Bb2 Qe7 12. Nc1 e5 13. Nd2 e4 14. Bh5+ Kd8 15. Ne2 f5 16. f4 Nf6 17. Ng3 Be6 18. Bg6 Qg7 19. Bxf5 Bd7 20. Bxd7 Nbxd7
21. Nf5 Qf8 22. g4 h5 23. Nxd6 Qxd6 24. fxg5 hxg4 25. Qe2 g3 26. Rf4 Nh5 27. Rf5 gxh2+ 28. Qxh2 Qxh2+ 29. Kxh2 Ng7+ 30. Kg2 Nxf5
31. Nf1 Rg8 32. Re1 Rxg5+ 33. Kf2 Kc7 34. Re2 Rh8 35. Ke1 Rh1 36. Kf2 Nf6 37. Bc1 Rgg1 38. Re1 Nh4 39. Ke2 Nf3 40. Rd1 Rg2#
0-1

[Event "AGAH II"]
[Site "SchemingMind.com"]
[Date "2022.01.27"]
[Round "-"]
[White "Robert Bruce"]
[Black "William Lindberg"]
[Result "1/2-1/2"]
[WhiteCountry "SCO"]
[BlackCountry "USA"]
[WhiteElo "2413"]
[WhiteRD "63"]
[BlackElo "2460"]
[BlackRD "66"]
[GameID "720162"]

1. a3 e5 2. b4 d5 3. Bb2 Nd7 4. e3 Ngf6 5. Nf3 e4 6. Nd4 a5 7. bxa5 Rxa5 8. Nc3 Nc5 9. d3 exd3 10. cxd3 Bd6
11. a4 O-O 12. Be2 c6 13. O-O Bd7 14. Qc2 b6 15. Nf3 Qe7 16. Ba3 Bf5 17. Nd4 Bd7 18. Nf3 Ne6 19. Bxd6 Qxd6 20. d4 c5
21. Rfc1 Rc8 22. Qd2 h6 23. Bb5 Bxb5 24. Nxb5 Qe7 25. Ne5 Raa8 26. h3 Ne4 27. Qd1 Nf8 28. Nf3 Qd7 29. Ne5 Qe6 30. Qg4 Qe7
31. Qf5 g6 32. Qf4 Kg7 33. f3 Nf6 34. Kh2 Ne6 35. Qg3 Nh5 36. Qg4 Ra6 37. Ra2 Nf6 38. Qg3 Nh5 39. Qf2 Nf6 40. Qb2 h5
41. f4 Nd8 42. Nc3 Qe6 43. Ne2 Nb7 44. dxc5 Nxc5 45. Rca1 Nb7 46. Nd4 Qe8 47. Nb5 Qe7 48. g4 hxg4 49. hxg4 Rh8+ 50. Kg1 Kg8
51. g5 Nd7 52. Ng4 Rh4 53. Nh6+ Kh7 54. Qd4 f6 55. Rg2 fxg5 56. Ng4 Nbc5 57. Nc7 Nb3 58. Nxd5 Nxd4 59. Nxe7 Ne2+ 60. Rxe2 Rxg4+
61. Rg2 Rxg2+ 62. Kxg2 gxf4 63. exf4 Nc5 64. Rb1 Nxa4 65. Kf3 Ra5 66. Nc6 Rf5 67. Ne5 Kh6 68. Rh1+ Kg7 69. Rg1 Rf6 70. Kg4 Rd6
71. Ra1 Nc5 72. Ra7+ Kf6 73. Rf7+=
1/2-1/2

[Event "AGAH II"]
[Site "SchemingMind.com"]
[Date "2022.01.27"]
[Round "-"]
[White "William Lindberg"]
[Black "Robert Bruce"]
[Result "0-1"]
[WhiteCountry "USA"]
[BlackCountry "SCO"]
[WhiteElo "2460"]
[WhiteRD "66"]
[BlackElo "2413"]
[BlackRD "63"]
[GameID "720163"]

1. a3 g6 2. d4 Nf6 3. Nf3 Bg7 4. c4 O-O 5. e3 c5 6. dxc5 Ne4 7. Qd5 Nf6 8. Qd1 Ne4 9. Qd5 Nf6 10. Qd3 a5
11. e4 Na6 12. Be3 a4 13. Nc3 Qa5 14. Rd1 Nxc5 15. Bxc5 Qxc5 16. Qd4 Qxd4 17. Nxd4 d6 18. Be2 Nd7 19. Nd5 e6 20. Nc3 Nc5
21. Ndb5 Bd7 22. Nxd6 Bc6 23. f3 Rfd8 24. Ndb5 Kf8 25. O-O Bxb5 26. cxb5 Bd4+ 27. Kh1 Nb3 28. h4 Ke7 29. Rfe1 Bxc3 30. bxc3 Rac8
31. f4 Rxd1 32. Rxd1 Rxc3 33. e5 Nc5 34. b6 Nd7 35. Bb5 Nxb6 36. Rd6 Nd5 37. Rd7+ Kf8 38. Bxa4 Nxf4 39. Rxb7 Rxa3 40. Bc6 h5
41. Bf3 Nd3 42. Rb5 Ra1+ 43. Kh2 Re1 44. Kg3 Kg7 45. Rb3 Nxe5 46. Ra3 Nxf3 47. gxf3 Kf6 48. Ra4 Ke5 49. Rb4 Kf6 50. Kf2 Rd1
51. Ke3 e5 52. Rb6+ Kf5 53. Kf2 f6 54. Kg3 Rd5 55. Ra6 g5 56. Ra8 gxh4+ 57. Kxh4 Rd3 58. Kg3 h4+ 59. Kg2 Kf4 60. Ra4+ Rd4
61. Ra2 Ke3 62. Ra6 f5 63. Ra5 Rd2+ 64. Kh3 e4 65. fxe4 fxe4 66. Rf5 Kd4 67. Rf4 Kd3 68. Rf7 e3 69. Rd7+ Ke2 70. Ra7 Rd4
71. Kg2 Rg4+ 72. Kh3 Kf3 73. Ra1 Rd4 74. Rf1+ Ke2 75. Ra1 Kf2 76. Rg1 e2 77. Rg2+ Ke3 78. Rg1 Rd1 79. Rg6 e1=Q 80. Re6+ Kf4
81. Rxe1 Rxe1 82. Kg2 Ke3 83. Kh3 Kf3 84. Kxh4 Re5 85. Kh3 Rh5#
0-1

[Event "AGAH II"]
[Site "SchemingMind.com"]
[Date "2022.03.11"]
[Round "-"]
[White "eliecercruzr"]
[Black "Kenny Elliott"]
[Result "1-0"]
[WhiteCountry "CUB"]
[BlackCountry "USA"]
[WhiteElo "2301"]
[WhiteRD "73"]
[BlackElo "1515"]
[BlackRD "74"]
[GameID "721470"]

1. a3 e5 2. b4 c5 3. Bb2 Nc6 4. b5 Na5 5. Bxe5 d6 6. Bc3 Nc4 7. e4 Ne5 8. Nf3 Bg4 9. Be2 Bxf3 10. Bxf3 Nf6
11. O-O Be7 12. d3 O-O 13. Be2 a5 14. f4 Ned7 15. Nd2 a4 16. Qe1 Qb6 17. Nc4 Qxb5 18. Bf3 Qa6 19. Qg3 b5 20. Ne3 c4
21. Nf5 g6 22. Nxe7+ Kg7 23. Nd5 Qa7+ 24. Kh1 cxd3 25. Qh4 Qc5 26. Bxf6+ Nxf6 27. Qxf6+ Kh6 28. g4
1-0

[Event "AGAH II"]
[Site "SchemingMind.com"]
[Date "2022.03.11"]
[Round "-"]
[White "Kenny Elliott"]
[Black "eliecercruzr"]
[Result "0-1"]
[WhiteCountry "USA"]
[BlackCountry "CUB"]
[WhiteElo "1538"]
[WhiteRD "73"]
[BlackElo "2306"]
[BlackRD "75"]
[GameID "721471"]

1. a3 d5 2. d4 Nf6 3. Nc3 e6 4. Bg5 c5 5. e3 Nbd7 6. Nf3 a6 7. Bd3 Be7 8. Bxf6 Bxf6 9. O-O O-O 10. Be2 b5
11. b4 cxd4 12. exd4 Qc7 13. Qd2 Nb6 14. Nd1 Nc4 15. Qd3 e5 16. Nxe5 Nxe5 17. dxe5 Bxe5 18. Rc1 Bxh2+ 19. Kh1 Qf4 20. Qxd5 Be6
21. Qh5 Qxc1 22. Qxh2 Qxc2 23. Bf3 Rad8 24. Ne3 Qc3 25. g4 Qxa3 26. Kg2 Qxb4 27. Rh1 h6 28. g5 Qd6 29. Qh4 Qe7 30. gxh6 Qxh4
31. Rxh4 g6 32. h7+ Kg7 33. Bb7 a5 34. Kg3 Rb8 35. Bf3 b4 36. Ng2 a4 37. Nf4 a3 38. Nxe6+ fxe6 39. Bg4 a2 40. Bxe6 a1=Q
41. h8=Q+ Rxh8
0-1

[Event "AGAH II"]
[Site "SchemingMind.com"]
[Date "2022.05.08"]
[Round "-"]
[White "eliecercruzr"]
[Black "demitri"]
[Result "1-0"]
[WhiteCountry "CUB"]
[BlackCountry "USA"]
[WhiteElo "2316"]
[WhiteRD "81"]
[BlackElo "1692"]
[BlackRD "92"]
[GameID "723361"]

1. a3 d5 2. Nf3 c5 3. e3 Nc6 4. c4 e6 5. d4 Nf6 6. dxc5 Bxc5 7. b4 Be7 8. Bb2 O-O 9. Nbd2 b6 10. Be2 dxc4
11. Nxc4 Qc7 12. Rc1 Bb7 13. Nce5 Rac8 14. Nxc6 Bxc6 15. b5
1-0

[Event "AGAH II"]
[Site "SchemingMind.com"]
[Date "2022.05.09"]
[Round "-"]
[White "demitri"]
[Black "eliecercruzr"]
[Result "0-1"]
[WhiteCountry "USA"]
[BlackCountry "CUB"]
[WhiteElo "1692"]
[WhiteRD "92"]
[BlackElo "2316"]
[BlackRD "81"]
[GameID "723362"]

1. a3 d5 2. Nf3 c5 3. g3 Nc6 4. Bg2 e5 5. d3 Nf6 6. O-O Be7 7. Re1 O-O 8. e4 d4 9. c3 Be6 10. Ng5 Bg4
11. f3 Bd7 12. Nd2 dxc3 13. bxc3 h6 14. Nh3 Bxh3 15. Bxh3 Qxd3
0-1

[Event "AGAH II"]
[Site "SchemingMind.com"]
[Date "2022.06.14"]
[Round "-"]
[White "JAHI"]
[Black "Helga1946"]
[Result "0-1"]
[WhiteCountry "INT"]
[BlackCountry "GER"]
[WhiteElo "2147"]
[WhiteRD "70"]
[BlackElo "2363"]
[BlackRD "80"]
[GameID "724390"]

1. a3 e5 2. g3 d5 3. Bg2 c5 4. Kf1 Nc6 5. d3 Be6 6. f3 Be7 7. f4 exf4 8. gxf4 Nh6 9. Nf3 O-O 10. Nc3 Qc7
11. e3 d4 12. Ne2 dxe3 13. Bxe3 Rae8 14. Qd2 Ng4 15. Bg1 Bd6 16. h3 Nf6 17. Re1 Ne7 18. Ng5 Ng6 19. Nxe6 fxe6 20. Be3 Nd5
21. Kg1 Nh4 22. Be4 Nxf4 23. Nxf4 Bxf4 24. Bxf4 Rxf4 25. Qe2 Ref8 26. Rh2 Rxe4 27. dxe4 Nf3+ 28. Kh1 Nxe1 29. Qxe1 Rf3 30. Qd1 Qf4
31. Qd8+ Kf7 32. Qd7+ Kf6 33. e5+ Qxe5 34. Qd8+ Kf7 35. Qd7+ Kg6 36. Qd2 Qe4 37. Rg2+ Rg3 38. Qd3 Qxd3 39. cxd3 Rxg2 40. Kxg2 a5
41. b3 Kf5 42. Kg3 g5 43. Kf3 b5 44. Ke3 Ke5 45. Kf3 Kd4 46. Ke2 a4 47. bxa4 bxa4 48. Kd2 h5 49. h4 g4 50. Ke2 e5
51. Kd2 e4 52. dxe4 g3 53. Ke2 Kxe4 54. Ke1 Kf3 55. Kd2 g2 56. Kd3 g1=Q 57. Kc4 Qd4+ 58. Kb5 c4 59. Kxa4 Qb2 60. Ka5 c3
61. a4 c2 62. Ka6 c1=Q 63. a5 Qca1 64. Ka7 Qxa5#
0-1

[Event "AGAH II"]
[Site "SchemingMind.com"]
[Date "2022.06.14"]
[Round "-"]
[White "Helga1946"]
[Black "JAHI"]
[Result "1-0"]
[WhiteCountry "GER"]
[BlackCountry "INT"]
[WhiteElo "2363"]
[WhiteRD "80"]
[BlackElo "2147"]
[BlackRD "70"]
[GameID "724391"]

1. a3 f6 2. e4 g6 3. d4 Bg7 4. Be3 Kf8 5. Nc3 f5 6. exf5 gxf5 7. Qf3 e6 8. O-O-O Nf6 9. h3 d6 10. g4 Nc6
11. gxf5 e5 12. Nge2 Qd7 13. d5 Ne7 14. Ng3 Nxf5 15. Bd3 Nh4 16. Qe2 Ng6 17. Rhg1 Qf7 18. Nge4 Nxe4 19. Nxe4 Bd7 20. Ng5 Nf4
21. Qd2 Nxd3+ 22. Qxd3 Qf5 23. Ne4 Re8 24. Rdf1 Re7 25. f4 Rf7 26. Qc4 Bb5 27. Qxb5 Qxe4 28. Bd2 h6 29. Qxb7 Kg8 30. fxe5 Rxf1+
31. Rxf1 Qxe5 32. Bc3 Qg5+ 33. Kb1 Bxc3 34. bxc3 Qd8 35. Qxa7 Rh7 36. Rg1+ Rg7 37. Rxg7+ Kxg7 38. h4 Kg6 39. Kb2 Kf5 40. Qf2+ Kg6
41. Qd4 Qc8 42. Qd3+ Kf7 43. Qb5 Qe8 44. a4 Qxb5+ 45. axb5 Kf6 46. c4 Ke5 47. Kc3 Ke4 48. h5 Ke5 49. Kd3 Kf6 50. Kd4 Kf5
51. c5 dxc5+ 52. Kxc5 Ke4 53. d6 cxd6+ 54. Kxd6 Kf3 55. b6 Kg4 56. b7 Kxh5 57. Ke5 Kg4 58. b8=Q h5 59. Qb3 h4 60. Qe3 h3
61. Qf4+ Kh5 62. Kf5 h2 63. Qg5#
1-0

[Event "AGAH II"]
[Site "SchemingMind.com"]
[Date "2022.07.28"]
[Round "-"]
[White "Robert Bruce"]
[Black "eliecercruzr"]
[Result "1/2-1/2"]
[WhiteCountry "SCO"]
[BlackCountry "CUB"]
[WhiteElo "2317"]
[WhiteRD "68"]
[BlackElo "2304"]
[BlackRD "86"]
[GameID "725522"]

1. a3 d5 2. d4 Nf6 3. Nf3 e6 4. e3 c5 5. b3 b6 6. c4 cxd4 7. exd4 Bb7 8. Bd3 Be7 9. O-O Nc6 10. Bb2 Rc8
11. Nbd2 O-O 12. Re1 Bd6 13. Qe2 Ne7 14. Rac1 a5 15. Rc2 Ng6 16. g3 Qe7 17. Ra1 Rfd8 18. h4 Nf8 19. Nf1 dxc4 20. bxc4 Qc7
21. Rac1 N8d7 22. N1d2 h6 23. Ne4 Nxe4 24. Bxe4 Bxe4 25. Qxe4 Nf6 26. Qe2 Qe7 27. Rc3 a4 28. Ne1 Qb7 29. c5 Be7 30. Rc4 Qa6
31. Nd3 Nd5 32. Qd1 b5 33. R4c2 Bf6=
1/2-1/2

[Event "AGAH II"]
[Site "SchemingMind.com"]
[Date "2022.07.29"]
[Round "-"]
[White "eliecercruzr"]
[Black "Robert Bruce"]
[Result "0-1"]
[WhiteCountry "CUB"]
[BlackCountry "SCO"]
[WhiteElo "2304"]
[WhiteRD "86"]
[BlackElo "2317"]
[BlackRD "68"]
[GameID "725523"]

1. a3 e5 2. c4 f5 3. d4 e4 4. Nc3 Be7 5. h4 Nf6 6. Nh3 d6 7. Nf4 c6 8. g3 Na6 9. Bg2 d5 10. cxd5 cxd5
11. Be3 O-O 12. Rc1 Nc7 13. O-O Bd6 14. Qb3 Rf7 15. Bh3 b5 16. a4 bxa4 17. Nxa4 h6 18. Ng6 f4 19. Bxc8 Qxc8 20. Nxf4 Bxf4
21. Bxf4 Qh3 22. f3 Ne6 23. Rf2 Nxf4 24. gxf4 Re8 25. Nc5 Nh5 26. fxe4 Ng3 27. Qf3 Rxf4
0-1

[Event "AGAH II"]
[Site "SchemingMind.com"]
[Date "2022.10.31"]
[Round "-"]
[White "Helga1946"]
[Black "KFGFitness"]
[Result "1-0"]
[WhiteCountry "GER"]
[BlackCountry "ENG"]
[WhiteElo "2426"]
[WhiteRD "75"]
[BlackElo "1381"]
[BlackRD "147"]
[GameID "727875"]

1. a3 a5 2. e4 Nf6 3. e5 Nd5 4. c4 Nf4 5. d4 Ne6 6. Be3 c6 7. d5 Nc7 8. Nc3 f6 9. h4 h5 10. Bd3 d6
11. Bg6+ Kd7 12. Na4 Ra6 13. Nc5+ dxc5 14. dxc6+ Ke6 15. Qxd8 Nxc6 16. Qxc8+
1-0

[Event "AGAH II"]
[Site "SchemingMind.com"]
[Date "2022.10.30"]
[Round "-"]
[White "KFGFitness"]
[Black "Helga1946"]
[Result "0-1"]
[WhiteCountry "ENG"]
[BlackCountry "GER"]
[WhiteElo "1381"]
[WhiteRD "147"]
[BlackElo "2426"]
[BlackRD "75"]
[GameID "727876"]

1. a3 a6 2. b4 Nf6 3. f3 d5 4. d3 e5 5. g4 a5 6. c3 axb4 7. Bb2 bxc3 8. Nxc3 d4 9. Nb5 Ra5 10. Qd2 Rxb5
11. a4 Bb4 12. axb5 Bxd2+ 13. Kxd2 Nd5 14. e4 dxe3+ 15. Ke2 Qd7 16. Nh3 Qxb5 17. Ra2 Qb3 18. Ra5 Qxb2+
0-1